| 000 | 00764cam a2200289 a 4500 | ||
|---|---|---|---|
| 001 | 579119 | ||
| 003 | LC | ||
| 005 | 20160314140715.0 | ||
| 008 | 870710s1987 nyu 000 1 eng | ||
| 010 | _a 86029125 | ||
| 020 | _a0385295383 | ||
| 035 | _a(OCoLC)15737570 | ||
| 035 | _a(OCoLC)ocm15737570 | ||
| 035 | _a(CStRLIN)NYCG87-B58935 | ||
| 035 | _a(NNC)579119 | ||
| 040 |
_dCtY _dNNC |
||
| 050 | 0 |
_aPS 3566 .A686 _b.P238 1988 |
|
| 082 | 0 |
_aFIC _bP22p 1987 |
|
| 090 |
_aPS3566.A686 _bP3 1987 |
||
| 100 | 1 |
_aParker, Robert B., _d1932-2010. _920515 |
|
| 245 | 1 | 0 |
_aPale kings and princess / _cRobert B. Parker. |
| 260 |
_aNew York : _bDelacorte Press, _c1988. |
||
| 300 |
_a256 p. : _c18 cm. |
||
| 942 |
_2lcc _cBK |
||
| 999 |
_c11530 _d11530 |
||